000 00500nam a22001577a 4500
005 20251108165238.0
008 250721s1981 xx 000 0 ara d
082 1 4 _a551.439/حصة
100 1 _aالشاهين، حصة ماجد
245 1 0 _aمرجع وحدة الماء :
_bدراسة نظرية و تطبيقية /
264 1 _aالكويت :
_bشركة الربيعان للنشر و التوزيع،
_c1981.
300 _a221ص
650 1 7 _aالماء
942 _2ddc
_cBK
999 _c23123
_d23123